Distritos de Barcelona - Estadísticas

Estadísticas generales
  • Esta prueba ha sido intentada 136 veces
  • La puntuación promedio es 7 de 10
Estadísticas de respuestas
Nº Barrios Distritos % Correcto
6 L'Eixample
90%
5 Gràcia
78%
13 Nou Barris
75%
11 Horta-Guinardó
65%
6 Sarrià-Sant Gervasi
65%
4 Ciutat Vella
63%
3 Les Corts
62%
7 Sant Andreu
62%
8 Sants-Montjuic
58%
10 Sant Martí
56%
No se encontraron pruebas coincidentes
Distribución de puntuación
Porcentaje de gente con cada puntuación
Porcentaje por número respondido
Historial de tus puntuaciones
No has intentado esta prueba.